0japali: (Record no. 205261)

MARC details
000 -LEADER
fixed length control field 00580nam a22001817a 4500
005 - DATE AND TIME OF LATEST TRANSACTION
control field 20240923115225.0
010 ## - LCCN (DPL NO)
LC control number ENG-141752
020 ## - INTERNATIONAL STANDARD BOOK NUMBER
International Standard Book Number 9788193979303
Terms of availability 320.00
035 ## - SYSTEM CONTROL NUMBER
System control number EN-125284
037 ## - SOURCE OF ACQUISITION
Source of stock number/acquisition DBAD/PUB
082 ## - DEWEY DECIMAL CLASSIFICATION NUMBER
Classification number 781.745095451
Edition number 1
100 ## - MAIN ENTRY--PERSONAL NAME
Personal name Baruah,Sudarshana
245 ## - TITLE STATEMENT
Title 0japali:
Remainder of title The Ancient Music Tradition Of Assam & Its Classical Elements/
Statement of responsibility, etc by Sudarshana Baruah
260 ## - PUBLICATION, DISTRIBUTION, ETC. (IMPRINT)
Place of publication, distribution, etc Guwahati
Name of publisher, distributor, etc Assam Book Trust
Date of publication, distribution, etc 2018
270 ## - ADDRESS
Address Panbazar
Postal code 781001
City Guwahati
300 ## - PHYSICAL DESCRIPTION
Extent 158p.
Dimensions 22CM (hbk)
942 ## - ADDED ENTRY ELEMENTS (KOHA)
Source of classification or shelving scheme Dewey Decimal Classification
Item type English Books
Call number suffix BAR
Classification part 781.745095451
Holdings
Withdrawn status Lost status Not for loan Collection code Home library Current library Date acquired Source of acquisition Cost, normal purchase price Full call number Barcode Copy number Cost, replacement price Koha item type
      Non-fiction Shahdara Branch Shahdara Branch 23/09/2024 DBAD 320.00 781.745095451 BAR EN-125284 1 320.00 English Books

© Delhi Public Library
Hit Counter
free hit counter